000 nam a22 7a 4500
999 _c9435
_d9435
008 180129b ||||| |||| 00| 0 eng d
100 _aByre D
_95651
245 _a30 Passemgers comprehensions practice for high intermediate and advanced students
260 _aNew york
_c1975